LEADER 01273nam 2200397 450 001 000005094 005 20050718115200.0 010 $a88-206-2548-2 100 $a20020122d1986----km-y0itay0103----ba 101 0 $aita 102 $aIT 200 1 $aFloricoltura industriale$fStefano Bensa 205 $a2. ed. 210 $aBologna$cEdagricole$d1986 215 $aIX, 374 p.$cill.$d27 cm. 606 $aFloricoltura 676 $a635.9$v(20. ed.)$9Fiori e piante ornamentali 700 1$aBensa,$bStefano$070960 801 0$aIT$bUniversità della Basilicata - B.I.A.$gRICA$2unimarc 912 $a000005094 996 $aFloricoltura industriale$974629 997 $aUNIBAS BAS $aMONAGR BAS $aMONOGR BAS $aAGRARIA CAT $aMEDURI$b01$c20000719$lBAS01$h1311 CAT $c20000920$lBAS01$h1833 CAT $c20001010$lBAS01$h1636 CAT $aTORRE$b20$c20020122$lBAS01$h1839 CAT $c20050601$lBAS01$h1753 CAT $abatch$b01$c20050718$lBAS01$h1048 CAT $c20050718$lBAS01$h1107 CAT $c20050718$lBAS01$h1137 CAT $c20050718$lBAS01$h1152 FMT Z30 -1$lBAS01$LBAS01$mBOOK$1BASA2$APolo Tecnico-Scientifico$2DID$BDidattica$3PTS.s1.p7.9$9AGR/76376$676376$5A76376$820000719$f98$FConsultazione LEADER 01588nam 2200409I 450 001 9910698628503321 005 20150929134222.0 035 $a(CKB)5470000002436362 035 $a(OCoLC)922543913 035 $a(EXLCZ)995470000002436362 100 $a20150929j201407 ua 0 101 0 $aeng 135 $aurcn||||||||| 181 $ctxt$2rdacontent 182 $cc$2rdamedia 183 $acr$2rdacarrier 200 10$aCorrosion screening of EV31A magnesium and other magnesium alloys using laboratory-based accelerated corrosion and electro-chemical methods /$fBrian E. Placzankis [and three others] 210 1$aAberdeen Proving Ground, MD :$cArmy Research Laboratory,$dJuly 2014. 215 $a1 online resource (vi, 31 pages) $ccolor illustrations 225 1 $aARL-TR ;$v6899 300 $aTitle from title screen (viewed Sept. 29, 2015). 300 $a"July 2014." 320 $aIncludes bibliographical references (pages 28-30). 606 $aMagnesium alloys$xCorrosion fatigue 606 $aCorrosion resistant alloys 606 $aMetals$xCorrosion fatigue 615 0$aMagnesium alloys$xCorrosion fatigue. 615 0$aCorrosion resistant alloys. 615 0$aMetals$xCorrosion fatigue. 700 $aPlaczankis$b Brian E.$01386563 712 02$aU.S. Army Research Laboratory, 801 0$bGPO 801 1$bGPO 906 $aBOOK 912 $a9910698628503321 996 $aCorrosion screening of EV31A magnesium and other magnesium alloys using laboratory-based accelerated corrosion and electro-chemical methods$93486778 997 $aUNINA